Entraîneurs de rugby de Top 14 - Statistiques

Statistiques générales
  • Ce quiz a été pris 61 fois
  • Le résultat moyen est 9 sur 14
Statistiques - réponses
Par images Hint Réponse % Correct
Stade Toulousain Ugo Mola
100%
ASM Clermont Christophe Urios
96%
Stade Rochelais Ronan O'Gara
92%
Union Bordeaux-Bègles Yannick Bru
92%
RC Toulon Pierre Mignoni
84%
USA Perpignan Franck Azéma
76%
Stade Français Laurent Labit
76%
Racing 92 Patrice Collazo
76%
Aviron Bayonnais Grégory Patat
67%
Lyon OU Karim Ghezal
63%
Section Paloise Sébastien Piqueronies
47%
RC Vannes Jean-Noël Spitzer
33%
Castres Olympique Xavier Sadourny
29%
Montpellier HR Joan Caudullo
16%
Aucun quiz correspondant
Distribution des résultats
% des personnes avec chaque résultat
Percentile par nombre de réponses
Votre historique - résultats
Vous n’avez pas pris ce quiz